Obraty obchodníkov porastú pomalšie ako doteraz
Obrat top 10 firiem potravinárskeho obchodu SR. Reťazec Lidl, ktorý sa presadzuje nízkymi cenami, plánuje v polovici roku 2004 razantný vstup na Slovensko. Vstup do EÚ obchodníkom nespôsobí šok.
Na minha lista:
| Autor principal: | |
|---|---|
| Formato: | Capítulo de Livro |
| Idioma: | eslovaco |
| Assuntos: | |
| Tags: |
Sem tags, seja o primeiro a adicionar uma tag!
|
MARC
| LEADER | 00000naa$a2200000$$$4500 | ||
|---|---|---|---|
| 001 | 0002167 | ||
| 005 | 20230925123514.3 | ||
| 041 | 0 | |a slo | |
| 044 | |a SK | ||
| 245 | 1 | 0 | |a Obraty obchodníkov porastú pomalšie ako doteraz |c aut. Denisa Čimová |
| 520 | |a Obrat top 10 firiem potravinárskeho obchodu SR. Reťazec Lidl, ktorý sa presadzuje nízkymi cenami, plánuje v polovici roku 2004 razantný vstup na Slovensko. Vstup do EÚ obchodníkom nespôsobí šok. | ||
| 610 | 2 | 0 | |a Slovensko |
| 610 | 2 | 0 | |a obchod |
| 610 | 2 | 0 | |a potraviny |
| 610 | 2 | 0 | |a obchodníci |
| 610 | 2 | 0 | |a obrat obchodu vnútorného |
| 100 | 1 | |a Čimová, Denisa | |